<?xml version="1.0" encoding="UTF-8"?><?xml-stylesheet type="text/xsl" href="static/style.xsl"?><OAI-PMH xmlns="http://www.openarchives.org/OAI/2.0/" xmlns:xsi="http://www.w3.org/2001/XMLSchema-instance" xsi:schemaLocation="http://www.openarchives.org/OAI/2.0/ http://www.openarchives.org/OAI/2.0/OAI-PMH.xsd"><responseDate>2026-04-17T01:46:15Z</responseDate><request verb="GetRecord" identifier="oai:www.recercat.cat:10459.1/64582" metadataPrefix="marc">https://recercat.cat/oai/request</request><GetRecord><record><header><identifier>oai:recercat.cat:10459.1/64582</identifier><datestamp>2024-12-05T23:03:07Z</datestamp><setSpec>com_2072_3622</setSpec><setSpec>col_2072_478537</setSpec></header><metadata><record xmlns="http://www.loc.gov/MARC21/slim" xmlns:dcterms="http://purl.org/dc/terms/" xmlns:xsi="http://www.w3.org/2001/XMLSchema-instance" xmlns:doc="http://www.lyncode.com/xoai" xsi:schemaLocation="http://www.loc.gov/MARC21/slim http://www.loc.gov/standards/marcxml/schema/MARC21slim.xsd">
   <leader>00925njm 22002777a 4500</leader>
   <datafield ind2=" " ind1=" " tag="042">
      <subfield code="a">dc</subfield>
   </datafield>
   <datafield ind2=" " ind1=" " tag="720">
      <subfield code="a">Botaya Audina, Ana Judith</subfield>
      <subfield code="e">author</subfield>
   </datafield>
   <datafield ind2=" " ind1=" " tag="260">
      <subfield code="c">2018-06-29T11:33:51Z</subfield>
   </datafield>
   <datafield ind2=" " ind1=" " tag="260">
      <subfield code="c">2018-06-29T11:33:51Z</subfield>
   </datafield>
   <datafield ind2=" " ind1=" " tag="260">
      <subfield code="c">2018-05-25</subfield>
   </datafield>
   <datafield ind2=" " ind1=" " tag="520">
      <subfield code="a">Pregunta clínica de investigación: ¿es efectiva la utilización de&#xd;
electroestimulación neuromuscular en extremidad inferior para mejorar niveles&#xd;
de fuerza y calidad de vida en paciente adulto con EPOC?&#xd;
Objetivo: analizar la eficacia de la electroestimulación neuromuscular junto a un&#xd;
programa de rehabilitación respiratoria en relación a la fuerza y calidad de vida&#xd;
en paciente adulto con EPOC.&#xd;
Diseño y método: se trata de un estudio experimental, concretamente de un&#xd;
ensayo clínico controlado a simple ciego y aleatorio. El cual se realizará en dos&#xd;
grupos. Los pacientes tendrán entre 40 y 80 años de edad y con un estadio&#xd;
GOLD II/III. El protocolo tendrá una duración de 8 semanas.&#xd;
Grupo experimental: el grupo realizará rehabilitación respiratoria junto a&#xd;
un programa de electroestimulación neuromuscular en extremidad&#xd;
inferior.&#xd;
Grupo control: el grupo realizará rehabilitación respiratoria junto a un&#xd;
programa de TENS en extremidad inferior.</subfield>
   </datafield>
   <datafield ind2=" " ind1=" " tag="520">
      <subfield code="a">Clinical research question: is neuromuscular electrical stimulation in lower limb&#xd;
more effective than using it as a placebo in an adult patient with COPD about&#xd;
levels as a strength, resistance and quality of life?&#xd;
Objectives: the aim of this project is to analyse the efficacy of neuromuscular&#xd;
electrostimulation along with a respiratory rehabilitation program in terms of&#xd;
strength and quality of life in adult patients with COPD.&#xd;
Design and method: there is a randomized controlled trial with single blind.&#xd;
Which is carried out with two groups. Patients must be between 40 and 80 years&#xd;
old with a GOLD II/III stage. The protocol will last 8 weeks.&#xd;
Specific group: the intervention group will carry out a respiratory&#xd;
rehabilitation with a neuromuscular electrostimulation program in lower&#xd;
extremity.&#xd;
Non-specific group: control group will carry out a respiratory rehabilitation&#xd;
with a TENS program in lower extremity.</subfield>
   </datafield>
   <datafield ind1="8" ind2=" " tag="024">
      <subfield code="a">http://hdl.handle.net/10459.1/64582</subfield>
   </datafield>
   <datafield tag="653" ind2=" " ind1=" ">
      <subfield code="a">enfermedad pulmonar obstructiva crónica</subfield>
   </datafield>
   <datafield tag="653" ind2=" " ind1=" ">
      <subfield code="a">electroestimulación</subfield>
   </datafield>
   <datafield tag="653" ind2=" " ind1=" ">
      <subfield code="a">fuerza</subfield>
   </datafield>
   <datafield tag="653" ind2=" " ind1=" ">
      <subfield code="a">calidad de vida</subfield>
   </datafield>
   <datafield tag="653" ind2=" " ind1=" ">
      <subfield code="a">chronic obstructive pulmonary disease</subfield>
   </datafield>
   <datafield tag="653" ind2=" " ind1=" ">
      <subfield code="a">electrical stimulation</subfield>
   </datafield>
   <datafield tag="653" ind2=" " ind1=" ">
      <subfield code="a">strength</subfield>
   </datafield>
   <datafield tag="653" ind2=" " ind1=" ">
      <subfield code="a">quality of life</subfield>
   </datafield>
   <datafield tag="653" ind2=" " ind1=" ">
      <subfield code="a">Pulmons -- Malalties obstructives</subfield>
   </datafield>
   <datafield tag="653" ind2=" " ind1=" ">
      <subfield code="a">Estimulació elèctrica</subfield>
   </datafield>
   <datafield tag="653" ind2=" " ind1=" ">
      <subfield code="a">Cames</subfield>
   </datafield>
   <datafield tag="653" ind2=" " ind1=" ">
      <subfield code="a">Atròfia muscular</subfield>
   </datafield>
   <datafield ind2="0" ind1="0" tag="245">
      <subfield code="a">Efectos de un programa de electroestimulación neurosmuscular en extremidad inferior en paciente adulto con EPOC moderada-severa</subfield>
   </datafield>
</record></metadata></record></GetRecord></OAI-PMH>